000 00345nam a2200157Ia 4500
003 0STCL
008 150530s9999 xx 000 0 und d
040 _aSTCL
_cSTCL
100 _aKynch, G.J.
245 _aMathematics for the chemist
260 _c1955
546 _aEnglish
942 _2ddc
_cBK
999 _c32140
_d32140
005 20220125170236.0